Score 0/12 Timer 02:00
2 Plays Today
Clue 4-Letter Word % Correct
Ladder 1WILT
94.2%
Ladder 1SILT
91.9%
Ladder 1SILK
89.2%
Ladder 1SICK
87.6%
Ladder 1WELT
86.6%
Ladder 1WELL
85.5%
Ladder 2PERM
73.5%
Ladder 2GERM
58.2%
Ladder 2PURE
52.5%
Ladder 2PERL
45.5%
Ladder 2PURL
44.5%
Ladder 2CURE
43.7%

Today's Daily Dose

Missing Word
Lizzo Songs

Get the Picture
The Longest Rivers

Remove Ads.
Support Sporcle.
Get the best of Sporcle when you Go Orange. This ad-free experience offers more features, more stats, and more fun while also helping to support Sporcle. Thank you for becoming a member.

You're not logged in!

Compare scores with friends on all Sporcle quizzes.
OR
Log In

Show Comments

Extras

Top Quizzes Today


Score Distribution

Your Account Isn't Verified!

In order to create a playlist on Sporcle, you need to verify the email address you used during registration. Go to your Sporcle Settings to finish the process.

Report this User

Report this user for behavior that violates our Community Guidelines.

Details: